000 00641nam a2200193Ia 4500
003 GCL
008 140319s9999 xx 000 0 ara d
040 _aGCL /
_cGCL
082 0 4 _a332.4044
_bص م
100 1 _aصالح البربرى
245 1 0 _aالممارسات غير المشروعةفى بورصة الاوراق المالية /
_cصالح البربرى
250 _aالاولى
260 _aالقاهرة :
_bمركز المساندة القانونية ،
_c2001
300 _a383 ص ؛
_c24 سم
650 0 4 _aالاوراق المالية
650 0 4 _aالبورصات
650 0 4 _aالاسهم
942 _2ddc
_cBK
999 _c3349
_d3349